Riconosci lo Stato - Quiz n°117 - Statistics

Statistiche generali
  • Questo quiz è stato fatto 32 volte
  • Il punteggio medio è 11 su 13
Statistiche sulle risposte
Indizio Risposta % Corretto
Primo ministro Bah Oury
100%
Iniziale della Capitale C
100%
Popolazione 13.639.439 ab.
100%
Valuta Franco
96%
Superficie 245.857 km²
93%
Fuso Orario UTC+0
89%
Indipendenza dalla Francia, 2 ottobre 1958
86%
Forma di Governo Repubblica presidenziale sotto giunta militare (dopo il golpe del 2021)
86%
ISU 0,465
82%
PIL (nominale) 5 632 milioni di $
82%
Capo del Comitato Nazionale per la Riconciliazione e lo Sviluppo Mamady Doumbouya
82%
Tasso di crescita 2,641%
75%
Risposta Guinea
64%
Nessun quiz corrispondente trovato
Distribuzione punteggi
Percentuale di utenti per punteggio
Percentile per numero di risposta
I tuoi punteggi nel tempo
Non hai fatto questo quiz